000
00235nam a2200097Ia 4500
005
20251222152724.0
008
251222s9999||||xx |||||||||||||| ||spa||
082
_a
239/V39
245
0
_a
Yo creo: Pequeño catecismo catélico
942
_c
LIB
999
_c
29690
_d
29690